| 000 | 02272nam0a2200397 4500 | ||
|---|---|---|---|
| 001 | RU\NLR\bibl\957290 | ||
| 005 | 20260607053143.0 | ||
| 010 |
_a5-98378-001-8 _bВ пер. _91000 |
||
| 021 |
_aRU _b2006-21003 _91051 |
||
| 035 | _a(nilc)RSL-KNO-002872155 | ||
| 035 | _a(NLR Aleph) 000945348 | ||
| 090 |
_a245832 _c245832 |
||
| 100 | _a20060426d2005 |||y0rusy50 ca | ||
| 101 | 1 |
_arus _ceng |
|
| 102 | _aRU | ||
| 105 | _ay ||||||||| | ||
| 106 | _ar | ||
| 200 | 1 |
_aПаломничество волхвов _eизбранное _fЭзра Паунд, Т. С. Элиот _g[сост., пер. с англ., примеч., послесл.: К.С. Фарай] |
|
| 210 |
_aМосква _cLogosaltera _cEcce homo _d2005 _eСПб. _gИПК Бионт |
||
| 215 |
_a325, [1] с. _d22 |
||
| 610 | 0 | _aФилологические науки. Художественная литература -- Мировая литература -- Литературы, объединенные по языковому признаку -- Германская литература -- Литература на английском языке -- Произведения художественной литературы -- Поэзия -- Сборники разных авторов | |
| 610 | 0 | _aФилологические науки. Художественная литература -- Российская Федерация -- Русская литература -- с сер. 50-х гг. 20 в. -- Произведения художественной литературы -- Поэзия -- Поэтические переводы -- Сборники разных авторов | |
| 686 |
_aШ5(0)943.21-65я43 _2rubbk |
||
| 686 |
_aШ5(2=Р)75-657я43 _2rubbk |
||
| 686 | _aШ6(0)07-5я43{Лх150-175} | ||
| 700 | 1 |
_4070 _7ca _8rus _aПаунд _bЭ. _f1885-1972 _gЭзра _9219866 _3RU\NLR\AUTH\770219922 |
|
| 701 | 1 |
_4070 _7ca _8rus _aЭлиот _bТ. С. _f1888-1965 _gТомас Стернз _915355 _3RU\NLR\auth\7732347 |
|
| 702 | 1 |
_aФарай _bК. С. _4220 |
|
| 801 | 0 |
_aRU _bРКП _c20060426 _grcr |
|
| 801 | 1 |
_aRU _bРГБ _c20060426 |
|
| 801 | 2 |
_aRU _bNLR _c20060606 _grcr |
|
| 830 | _a1-й авт. по кн. | ||
| 942 | _cBOOK | ||
| 980 | _aNB | ||